[Event "Tata Steel India 2018-Blitz"]
[Site "Kolkata"]
[Date "2018.11.14"]
[Round "17"]
[White "Praggnanandhaa R"]
[Black "Ganguly, Surya Shekhar"]
[Result "1-0"]
[WhiteElo "2530"]
[BlackElo "2615"]
[Annotator "TA"]
[PlyCount "191"]
[EventDate "2018.11.09"]
[EventType "tourn"]
[EventCountry "IND"]
[SourceTitle "playchess.com"]
[Source "ChessBase"]
[SourceQuality "1"]

{[%evp 27,190,8,22,0,0,-7,0,-52,-41,-32,-32,-51,-59,-70,36,0,22,-7,107,102,143,128,140,110,247,247,267,272,273,228,238,228,234,235,212,206,210,108,102,115,119,104,138,129,272,272,496,493,489,376,479,442,414,268,353,268,268,268,242,187,216,222,222,139,139,139,262,139,947,790,12833,12834,12834,12835,12833,12833,12838,12835,12841,12837,12840,92,92,92,92,0,12837,12837,12837,12837,12838,12838,12841,12839,12842,12842,12843,12841,12842,12841,12843,12839,12839,12839,12839,12837,12837,12829,12828,12829,12825,12830,12839,12840,12840,12841,12841,12841,12842,12842,12843,12843,12843,12844,12844,12843,12850,12851,12851,12851,12851,12851,12851,12851,12851,12851,12851,12851,12851,12851,12851,12851,12851,12851,12851,12851,12851,12851,12851,29985,12851,29984,12851,29986,12851,29987,12851,29988,12851,29995,12851,12851,12851,29997,12851]} 1. e4 c5 2. Nf3 e6 3. g3 Nc6 4. Bg2 Nf6 5. Nc3 d6 6. O-O Be7 7. d4 cxd4 8. Nxd4 Bd7 9. b3 O-O 10. Bb2 a6 11. Nce2 Rc8 {B80: Sicilian Scheveningen: 6 g3 and 6 Be3, including English Attack} (11... e5 12. Nf5 Bxf5 13. exf5 Qc8 14. Bh3 d5 15. g4 h6 16. f4 d4 17. fxe5 Nd5 18. Nxd4 Ne3 19. Nxc6 Qxc6 {1-0 (62) Neiksans,A (2613)-Ladva,O (2529) Vilnius 2017}) 12. c4 b5 13. cxb5 Nxd4 14. Nxd4 axb5 {LiveBook: 14 Games} 15. Qe2 Qb6 16. Rfd1 b4 $146 ({Predecessor:} 16... Rfd8 17. h3 Be8 18. a3 d5 19. e5 {½-½ (27) Player,E (2248)-House,G (2203) Brighton 2013}) 17. e5 ({Only move:} 17. a4 $1 $11) 17... dxe5 $15 18. Qxe5 Bd6 19. Qg5 {aiming for Nf5.} h6 20. Qd2 Be5 (20... Bc5 $15 21. Qe1 Rfe8) 21. Re1 Bb8 22. Nc2 Rfd8 (22... Ba7 $11 {remains equal.}) 23. Qxb4 $16 Ba7 24. Qxb6 Bxb6 25. Ne3 $36 {[%mdl 2048] White has strong initiative.} Bb5 (25... Nd5 $16 {is a better defense.}) 26. a4 $18 Ba6 27. b4 Bd3 28. Bxf6 gxf6 29. Rac1 Rb8 30. Red1 Bxe3 31. fxe3 Rxb4 32. Rc3 (32. Bf1 $1 $18) 32... Rb1 $16 33. Rxb1 Bxb1 {[%mdl 4096] Endgame KRB-KRB} 34. Rc1 Ba2 35. a5 {Strongly threatening a6.} Bd5 (35... Rd3 $16) 36. Rd1 $1 $18 f5 $2 (36... Ra8 {was called for.}) 37. Bxd5 exd5 {KR-KR} 38. Kf2 Kg7 39. Kf3 Kf6 40. Kf4 Re8 41. Rxd5 Re4+ 42. Kf3 Ra4 43. Rb5 h5 44. Rb6+ Ke5 45. a6 Ra2 46. h3 {[%cal Bh2h3,Bh3h4][%mdl 32]} Ra3 (46... Ra4 $16 {was necessary.} 47. Rb7 Rxa6 48. Rxf7 h4 49. Re7+ (49. gxh4 Rh6 $16) 49... Kd5 50. gxh4 Rh6) 47. Rh6 ({White should try} 47. Rb7 $18) 47... Ra1 $2 {[%mdl 8192]} (47... f6 $16 48. Rxh5 Ke6) 48. Rxh5 Rxa6 49. g4 Ra1 50. Rxf5+ Ke6 51. h4 f6 52. Rb5 Kf7 53. Rb2 Kg6 54. Kf4 $2 (54. g5 $18 fxg5 55. Rg2) 54... Rf1+ $16 {[#]} 55. Kg3 $1 {Threatens to win with Rb7.} Rg1+ 56. Kf3 (56. Rg2 $16 Re1 57. Rf2) 56... Rf1+ $2 {[%mdl 8192]} (56... Ra1 $11 57. h5+ Kh6) 57. Rf2 $18 Rh1 58. Kg3 Rg1+ 59. Kf4 Rh1 60. h5+ Kg7 61. e4 Ra1 62. Rf3 Ra5 63. Rb3 Ra1 64. Rb7+ Kh6 65. Rb6 Rf1+ {[#]} 66. Kg3 $1 Kg7 67. Rb2 Rg1+ 68. Kf3 Rf1+ 69. Rf2 Ra1 70. Re2 Rf1+ 71. Kg2 Rf4 72. Kg3 Rf1 73. e5 Rg1+ 74. Kf3 Rf1+ 75. Kg2 Rf4 76. Kg3 fxe5 77. Rxe5 Rf1 78. Kh4 Kf6 79. Rb5 Rh1+ 80. Kg3 Rg1+ 81. Kf3 Rf1+ 82. Kg2 Ra1 83. g5+ Kf7 84. Rb7+ Kg8 85. Kg3 Ra4 86. h6 Ra1 87. Kg4 Rg1+ 88. Kh5 Ra1 89. Rb5 (89. g6 $18 Ra5+ 90. Kg4 Ra4+ 91. Kf5 Ra5+ 92. Ke4 Ra4+ 93. Kd5) 89... Ra6 90. g6 {[%cal Rb5b8]} Ra8 91. Kg5 (91. h7+ $18 Kg7 92. Rb7+ Kf6 93. g7 Ra5+ 94. Kh6) 91... Kh8 92. Rf5 (92. g7+ $18 Kh7 93. Rf5) 92... Kg8 93. h7+ Kg7 94. Rf7+ Kh8 95. Kh6 {[%csl Gf7,Gh6][%cal Rg6g7]} Rb8 96. g7# {Precision: White = 48%, Black = 37%.} 1-0

[Event "Tata Steel India 2018-Blitz"]
[Site "Kolkata"]
[Date "2018.11.14"]
[Round "18"]
[White "Aronian, Levon"]
[Black "Anand, Viswanathan"]
[Result "1/2-1/2"]
[WhiteElo "2765"]
[BlackElo "2773"]
[Annotator "TA"]
[PlyCount "78"]
[EventDate "2018.11.09"]
[EventType "tourn"]
[EventCountry "IND"]
[SourceTitle "playchess.com"]
[Source "ChessBase"]
[SourceQuality "1"]

{[%evp 20,78,7,0,0,0,11,-2,0,-16,-14,-33,-16,-20,0,-13,0,0,18,0,0,0,12,0,0,0,31,30,26,18,25,16,18,8,20,0,47,47,43,44,44,44,44,44,44,35,44,52,52,32,54,0,0,0,0,0,0,0,0,0,0]} 1. e4 e5 2. Nf3 Nc6 3. Bc4 Bc5 4. c3 Nf6 5. d4 exd4 6. e5 d5 7. Be2 {C54: Italienische Partie (Hauptvariante)} (7. Bb5 Ne4 8. cxd4 Bb6 9. Nc3 O-O 10. Be3 Bg4 11. h3 Bh5 12. Qc2 Bg6 13. Qb3 Ne7 14. O-O c6 15. Bd3 Kh8 16. Nh4 c5 17. Nxg6+ fxg6 18. Bxe4 cxd4 19. Nxd5 Nxd5 {1-0 (51) Jones,G (2677)-Aronian,L (2780) Douglas 2018}) 7... Ne4 8. cxd4 Bb6 9. Nc3 O-O 10. Be3 f6 11. exf6 {LiveBook: 3 Partien} Nxf6 12. h3 Ne7 $146 {[%cal Bc6e7,Be7f5,Bf5e3][%mdl 32]} ({Vorgänger:} 12... Bf5 13. O-O Qd6 14. Rc1 Rae8 {1-0 (35) Petrov,M (2417)-Franklin,S (2312) Paracin 2017}) 13. O-O Nf5 14. Bd3 Nxe3 15. fxe3 Qe7 16. Qd2 c6 17. Rae1 $1 Bd7 18. e4 dxe4 19. Nxe4 Nxe4 20. Rxe4 Qd6 $1 21. Bc4+ Kh8 22. Ng5 {[#] Th4 ist eine echte Drohung.} Rxf1+ 23. Kxf1 {Beabsichtigt Sf7+ und Matt.} Qf6+ $1 24. Qf4 Be8 25. Qxf6 (25. Ke1 {with more complications.} Qxf4 26. Rxf4 Bg6 27. Nf7+ Bxf7 28. Rxf7 Rb8 29. Rd7) 25... gxf6 26. Nf3 Bh5 27. g4 Re8 (27... f5 $5 {[%cal Rf5e4]} 28. Rf4 fxg4 29. hxg4 Bg6 $11) 28. Rf4 Bg6 29. Rxf6 Kg7 30. Rd6 Rd8 31. Rxd8 Bxd8 $14 {[%mdl 4096] Endspiel KLL-KLS} 32. Ne5 Bb6 33. d5 cxd5 34. Bxd5 Bd4 35. Nf3 ({Günstiger ist} 35. Nxg6 $14 Kxg6 36. b3 (36. Bxb7 Bxb2 37. Be4+ Kg7 $14)) 35... Bxb2 $11 {Die Stellung ist ausgeglichen.} 36. Bxb7 Bf7 37. a4 Be8 38. a5 Bb5+ 39. Kf2 a6 {Precision: Weiß = 46%, Schwarz = 65%.} 1/2-1/2

[Event "Tata Steel India 2018-Blitz"]
[Site "Kolkata"]
[Date "2018.11.14"]
[Round "18"]
[White "So, Wesley"]
[Black "Karjakin, Sergey"]
[Result "1/2-1/2"]
[WhiteElo "2765"]
[BlackElo "2753"]
[Annotator "TA"]
[PlyCount "103"]
[EventDate "2018.11.09"]
[EventType "tourn"]
[EventCountry "IND"]
[SourceTitle "playchess.com"]
[Source "ChessBase"]
[SourceQuality "1"]

{[%evp 16,103,17,12,21,-13,-10,-83,-60,-64,29,23,25,23,29,31,39,47,48,51,49,35,64,46,45,37,46,46,49,42,62,62,57,19,51,48,62,29,36,36,48,48,52,52,40,47,50,43,54,39,41,44,87,87,76,67,86,34,47,49,52,37,47,47,49,49,51,39,39,39,39,39,57,57,57,58,58,58,81,57,73,64,71,9,14,15,112,-72,-72,-72]} 1. c4 Nf6 2. Nc3 e5 3. Nf3 Nc6 4. e3 Bb4 5. Qc2 Bxc3 6. Qxc3 Qe7 7. b3 {A28: English Opening: Four Knights Variation} (7. d4 Ne4 8. Qd3 exd4 9. Nxd4 O-O 10. Be2 Qb4+ 11. Kf1 Qe7 12. f3 f5 13. Qd1 Nc5 14. Kf2 d6 {½-½ (23) Caruana,F (2827)-Ding,L (2804) Batumi 2018}) (7. d4 Ne4 8. Qd3 exd4 9. Nxd4 O-O 10. Be2 Qb4+ 11. Kf1 Qe7 12. f3 Nc5 13. Qd2 a5 14. b3 d6 15. Nxc6 bxc6 {½-½ (48) So,W (2780)-Karjakin,S (2773) Saint Louis 2018}) 7... d5 8. d4 Ne4 9. Qb2 $1 {LiveBook: 3 Games. The position is equal.} Be6 10. Be2 $146 ({Predecessor:} 10. cxd5 Bxd5 11. dxe5 O-O-O 12. Be2 Ng5 13. e4 Nxe4 14. O-O Rhe8 {1-0 (40) Harutyunian,T (2488)-Kozionov,K (2423) Moscow 2018}) 10... Qb4+ 11. Nd2 (11. Bd2 $11 {keeps the balance.} Nxd2 12. Qxd2) 11... exd4 $17 12. exd4 Qc3 (12... O-O-O $1 $15 13. Kf1 Nf6) 13. f3 $11 Qxb2 14. Bxb2 Nxd2 15. Kxd2 O-O-O 16. c5 $1 Bf5 17. Bc3 Rhe8 18. g4 Bg6 19. b4 Re6 20. b5 Ne7 21. Rae1 h5 22. h3 Rh8 23. a4 Kd7 24. Reg1 Re8 25. Bd1 Ng8 26. f4 {[#] Hoping for f5.} Be4 27. Rh2 $1 hxg4 28. hxg4 Rh6 29. Rxh6 Nxh6 30. Rg3 f6 31. Rh3 Nf7 32. Kc1 Nd8 33. f5 Nf7 34. Rh7 Rg8 {[#]} 35. Bd2 $1 Bd3 36. Rh3 (36. Kb2 $16) 36... Be4 37. Bf4 Rh8 38. c6+ Kc8 39. cxb7+ Kxb7 40. Rxh8 Nxh8 $14 {[%mdl 4096] Endgame KBB-KBN} 41. Bd2 c6 42. bxc6+ Kxc6 43. Bb4 g6 44. fxg6 Nxg6 45. Kd2 f5 46. g5 f4 47. Be2 Nh4 48. Bc5 Kb7 49. Be7 ({Better is} 49. Bh5 $16) 49... Nf5 50. Bf6 {And now Be5 would win.} Ng3 (50... f3 $11 51. Bb5 Nd6) 51. Be5 $2 (51. Bg4 $16 {is forced if you want to stay better.}) 51... Nxe2 $17 52. Kxe2 {Precision: White = 62%, Black = 55%.} 1/2-1/2

[Event "Tata Steel India 2018-Blitz"]
[Site "Kolkata"]
[Date "2018.11.14"]
[Round "18"]
[White "Nakamura, Hikaru"]
[Black "Praggnanandhaa R"]
[Result "1/2-1/2"]
[WhiteElo "2746"]
[BlackElo "2530"]
[Annotator "TA"]
[PlyCount "144"]
[EventDate "2018.11.09"]
[EventType "tourn"]
[EventCountry "IND"]
[SourceTitle "playchess.com"]
[Source "ChessBase"]
[SourceQuality "1"]

{[%evp 17,143,-5,14,-19,-9,-21,9,0,0,0,0,0,0,0,0,0,0,-9,0,0,0,0,0,0,0,0,0,0,0,0,0,0,16,13,21,15,21,18,18,12,20,24,18,18,33,27,49,13,89,96,154,138,98,47,47,47,47,47,47,47,47,0,47,0,0,0,47,0,0,0,47,0,2,8,8,8,9,9,13,13,13,0,47,47,47,47,47,47,47,0,47,47,860,817,988,47,47,47,812,55,560,55,55,55,55,55,1143,1102,923,55,884,55,58,0,0,0,0,0,0,0,0,0,0,0,0,0,0,0]} 1. Nf3 Nf6 2. e3 e6 3. b3 b6 4. Bb2 Bb7 5. g3 Be7 6. Bg2 O-O 7. c4 c5 8. O-O d5 9. Qe2 Nc6 {LiveBook: 472 Games} 10. cxd5 {A14: English Opening: 1...e6 with b3 by White} (10. d3 Qc7 11. Nbd2 Rfd8 12. Rac1 dxc4 13. Nxc4 Nb4 14. Rcd1 Nd7 15. a3 Nc6 16. Rc1 b5 17. Ncd2 Qb6 18. Ne4 a5 19. Nc3 {½-½ (39) Ljubojevic,L (2571)-Karpov,A (2623) Platja d'Aro 2018}) 10... Nxd5 11. Rd1 Bf6 12. d4 cxd4 13. Nxd4 Nxd4 14. Bxd4 Bxd4 15. Rxd4 Qe7 $146 ({Predecessor:} 15... Qc7 16. Qd2 Rac8 17. Na3 a6 18. Rd1 b5 19. h4 h5 20. Nb1 Nf6 21. Bxb7 Qxb7 22. Nc3 {½-½ (22) Liesmann,K (1964)-Fuellborn,D (1803) Germany 2010}) 16. Qb2 Rfd8 17. Nd2 Nf6 18. Bxb7 Qxb7 19. Nc4 Rd5 20. Rad1 Rad8 21. f3 h6 22. e4 Rxd4 23. Rxd4 Rxd4 24. Qxd4 Qd7 (24... Qc8 {with more complications.} 25. b4 b5 26. Ne5 Qc1+ 27. Kg2 g5) 25. Qd6 Qxd6 26. Nxd6 $11 {[%mdl 4096] Endgame KN-KN} Nd7 27. Kf2 Kf8 28. Ke3 a6 29. f4 Ke7 30. e5 f5 31. b4 Kd8 32. a4 {[%cal Ba2a4,Ba4a5][%mdl 32]} Ke7 (32... Nb8 $11 {remains equal.}) 33. Kd4 $16 g5 (33... Kd8 $142) 34. a5 $1 b5 35. h4 (35. fxg5 $16 hxg5 36. g4 $1 {[%mdl 512]}) 35... gxf4 36. gxf4 h5 37. Nb7 Kf7 $1 38. Nd8+ Ke7 39. Nb7 Kf7 $1 40. Ke3 Ke7 41. Kd3 Kf7 42. Kc3 Ke7 43. Kd4 Kf7 $1 44. Nd6+ Ke7 45. Kd3 {With the idea Nb7.} Kf8 46. Ke3 Ke7 47. Kd4 Kd8 48. Kd3 Ke7 49. Nb7 Kf7 50. Nd8+ Ke7 51. Nc6+ Ke8 52. Ke3 Kf7 53. Kd3 Ke8 54. Nd4 Ke7 $2 {[%mdl 8192]} (54... Kf7 $14) 55. Ne2 $1 $18 {[%cal Re2g3]} Kf7 56. Kd4 $2 ({White must play} 56. Ng3 $1 $18 Kg6 57. Kd4) 56... Kg7 $1 $14 57. Kc3 Kf7 $2 {[%mdl 8192]} (57... Kg6 $14) 58. Kd3 $2 ({White has to play} 58. Ng3 $1 $18 Kg6 59. Kd4) 58... Nf8 $2 {[%mdl 8192]} (58... Nb8 $1 $14) 59. Kd4 $2 (59. Ng3 $18 {Threatens to win with Kd4.} Kg6 60. Kc3) 59... Nd7 $1 60. Ng3 Kg6 61. Kc3 Kh6 $2 {[%mdl 8192] [#]} (61... Nb8 $14) 62. Kd3 $1 $18 {[%cal Rd3e3]} Nf8 63. Ne2 $2 (63. Kd4 $18 {Kc5 is the strong threat.} Nd7 64. Nh1) 63... Kg6 $2 {[%mdl 8192] [#]} (63... Ng6 64. Kd4 $18) (63... Kg7 $14) 64. Nd4 $2 (64. Kd4 $1 $18 {[%cal Rd4c5] Hoping for Kc5.} Nd7 65. Nc1) 64... Kf7 $14 65. Nxb5 $2 {[%mdl 8192]} (65. Nc6) 65... axb5 {KN-KP. The position is equal.} 66. a6 Nd7 67. a7 Nb6 68. Kd4 {Black must now prevent Kc5.} Ke7 (68... Na8 $5 69. Kc5 $8 Ke7 $11) 69. Kc5 Na8 70. Kc6 Kd8 71. Kb7 ({Don't go for} 71. Kxb5 $2 Kc7 $19) 71... Kd7 $1 72. Kxa8 {Threatening mate with Kb7.} Kc7 {Precision: White = 49%, Black = 53%.} 1/2-1/2

[Event "Tata Steel India 2018-Blitz"]
[Site "Kolkata"]
[Date "2018.11.14"]
[Round "18"]
[White "Harikrishna, Pentala"]
[Black "Vidit, Santosh Gujrathi"]
[Result "0-1"]
[WhiteElo "2729"]
[BlackElo "2702"]
[Annotator "TA"]
[PlyCount "101"]
[EventDate "2018.11.09"]
[EventType "tourn"]
[EventCountry "IND"]
[SourceTitle "playchess.com"]
[Source "ChessBase"]
[SourceQuality "1"]

{[%evp 21,101,-1,0,-41,-33,-39,-32,-32,-27,-52,-34,-64,-54,-59,-51,-56,-60,-83,-76,-116,-83,-90,-83,-90,-110,-109,-70,-77,-64,-114,-125,-178,-177,-182,-177,-185,-183,-223,-223,-223,-201,-211,-201,-210,-205,-202,-185,-204,-205,-184,-185,-224,-229,-225,-216,-244,-241,-276,-263,-274,-254,-352,-352,-435,-432,-397,-227,-9609,-6536,-29949,-29958,-4312,-5245,-10538,-10343,-29981,-29982,-29982,-29983,-29985,-29986,-29986]} 1. e4 c5 2. Nf3 d6 3. Bb5+ Nd7 4. O-O a6 5. Bxd7+ Bxd7 6. d4 cxd4 7. Qxd4 Rc8 {B51: Sizilianisch (Rossolimo-Variante)} 8. c4 e5 9. Qd3 b5 10. Na3 Qb6 11. Rd1 Qb7 {LiveBook: 3 Partien} 12. Bg5 h6 $1 {[%cal Rh6g5]} 13. Bh4 g5 14. Bg3 {[#]} Be7 $146 15. cxb5 axb5 16. Rac1 Rxc1 17. Rxc1 {Droht Sxe5.} Nf6 18. Nd2 O-O 19. Nc2 Rc8 20. Re1 b4 21. Ne3 Be6 22. a3 bxa3 23. bxa3 Ra8 24. h3 Ra4 {[%cal Rf6e4]} 25. Rb1 Qa8 26. Nec4 (26. f3 $17 {kämpft weiter.}) 26... Bxc4 27. Nxc4 Qxe4 28. Qxe4 Nxe4 29. Rb4 Rxb4 30. axb4 $19 {[%mdl 4096] Endspiel KLS-KLS} Nc3 31. f3 f6 {[%cal Bf7f6,Bf6g5][%mdl 32]} 32. Be1 Nb5 33. Ne3 h5 34. h4 Kf7 35. hxg5 fxg5 36. Nf5 d5 37. Kf1 Bf6 38. Ke2 Ke6 39. Ng3 h4 40. Nf1 e4 41. fxe4 dxe4 42. Nh2 Kf5 43. Nf1 Bd4 (43... Nd4+ $142 44. Kf2 Nc2) 44. Bf2 $2 {[#]} (44. Ne3+ Kf4 45. Nc2) 44... Nc3+ 45. Ke1 Bxf2+ 46. Kxf2 {KS-KS} Kf4 47. g3+ hxg3+ 48. Nxg3 e3+ {Schwarz setzt Matt.} 49. Kg2 e2 50. Nxe2+ Nxe2 51. b5 {Precision: Weiß = 32%, Schwarz = 90%.} 0-1

[Event "Tata Steel India 2018-Blitz"]
[Site "Kolkata"]
[Date "2018.11.14"]
[Round "18"]
[White "Ganguly, Surya Shekhar"]
[Black "Mamedyarov, Shakhriyar"]
[Result "0-1"]
[WhiteElo "2615"]
[BlackElo "2817"]
[Annotator "TA"]
[PlyCount "52"]
[EventDate "2018.11.09"]
[EventType "tourn"]
[EventCountry "IND"]
[SourceTitle "playchess.com"]
[Source "ChessBase"]
[SourceQuality "1"]

{[%evp 19,52,17,32,14,8,-59,-24,-24,-27,-46,-45,-54,-49,-58,-27,-68,-18,-37,-39,-42,-39,-132,-40,-41,-42,-118,-108,-295,-277,-386,-379,-383,-131,-500,-482]} 1. e4 e5 2. Nf3 Nc6 3. Bc4 Nf6 4. d3 h6 5. O-O d6 6. c3 g5 {C55: Two Knights: 4 d3, 4 d4 exd4 5 e5 and Max Lange Attack} 7. Nbd2 (7. a4 Bg7 8. Re1 O-O 9. h3 d5 10. exd5 Nxd5 11. Nbd2 a6 12. Ne4 Nf4 13. a5 b5 14. axb6 cxb6 {1-0 (43) Karjakin,S (2782)-Mamedyarov,S (2808) Paris 2018}) 7... Bg7 8. Bb3 O-O 9. Nc4 Be6 10. Re1 Re8 {LiveBook: 3 Games} 11. a4 $146 ({Predecessor:} 11. Ne3 d5 12. Qc2 d4 13. Nf1 Nh5 14. Bxe6 fxe6 {½-½ (56) Peng,D (2330)-Priyadharshan,K (2516) Saint Louis 2017}) 11... d5 12. Ncxe5 (12. exd5 $11 Nxd5 13. a5) 12... Nxe5 13. Nxe5 dxe4 {[#] ...Bxb3 is the strong threat.} 14. d4 c5 15. a5 cxd4 {Threatens to win with ...Bxb3.} 16. cxd4 Rc8 17. h3 Rc7 18. Ba4 Rf8 19. Bc2 Qd5 20. Ra3 (20. b3 $15) 20... Rd8 (20... Rfc8 $17 21. Rc3 Rxc3 22. bxc3 Rxc3) 21. Be3 $15 Qb5 22. Bb3 (22. Qb1 $1 $15) 22... Nd5 $36 {[%mdl 2048] Black is really pushing.} 23. Bd2 $2 (23. Ng4 $17 {might work better.}) 23... Bxe5 $1 $19 24. dxe5 {[#] And now Qh5 would win.} Nf4 25. Bxe6 Nxe6 $2 (25... fxe6 $19 26. Rg3 Qxb2 27. Bxf4 Rxd1 28. Rxd1 Kh7) 26. b4 $2 {[%mdl 8192]} (26. b3 $17) 26... Qd5 {Precision: White =  7%, Black = 46%.} 0-1

[Event "Tata Steel India 2018-Blitz"]
[Site "Kolkata"]
[Date "2018.11.14"]
[Round "18.1"]
[White "Anand, Viswanathan"]
[Black "Nakamura, Hikaru"]
[Result "1-0"]
[WhiteElo "2773"]
[BlackElo "2746"]
[Annotator "TA"]
[PlyCount "109"]
[EventDate "2018.11.09"]
[EventType "tourn"]
[EventCountry "IND"]
[SourceTitle "playchess.com"]
[Source "ChessBase"]
[SourceQuality "1"]

{[%evp 20,109,25,20,19,16,10,-18,0,0,27,20,23,31,31,31,37,32,23,11,16,14,13,0,14,12,22,9,35,10,217,197,199,79,59,50,72,62,104,20,26,26,15,22,30,0,10,10,19,25,49,49,48,0,24,0,0,0,0,0,0,0,2,0,8,8,8,0,20,0,34,0,0,0,0,0,144,385,397,333,750,688,1279,1243,5398,5081,5069,5057,29975,29976,29975,29972]} 1. e4 e5 2. Nf3 Nc6 3. Bc4 Bc5 4. O-O Nf6 5. d3 d6 6. c3 O-O 7. Bg5 {[%cal Bc1g5,Bg5h4,Bh4g3][%mdl 32]} h6 8. Bh4 a6 9. a4 Ba7 10. Nbd2 {C54: Italienische Partie (Hauptvariante)} g5 11. Bg3 {LiveBook: 21 Partien} g4 12. Nh4 $146 {Die Stellung ist ausgeglichen.} ({Vorgänger:} 12. Bh4 Kg7 13. Kh1 gxf3 14. Qxf3 Nb8 {1-0 (25) Demchenko,A (2589)-Howell,D (2671) Gjakova 2016}) 12... Nh5 13. Re1 Qg5 14. Nf1 Kg7 15. Ne3 Nxg3 16. hxg3 Bxe3 17. Rxe3 Ne7 18. d4 Ng6 19. Nxg6 fxg6 20. dxe5 Qxe5 21. Bd5 Rb8 22. b4 {[%cal Bb2b4,Bb4b5][%mdl 32]} Bd7 23. Ra2 Rf6 24. Rd2 Bc6 $2 (24... h5 $11 {und Schwarz steht sicher.}) 25. Bxc6 $18 ({Viel schwächer ist} 25. Qxg4 $6 Bxa4 26. f4 Qh5) 25... bxc6 26. Qe2 (26. Qxg4 $18 {Droht stark Dd7+.} Rf7 27. f4) 26... a5 $16 27. b5 h5 {[%cal Rc6b5]} 28. bxc6 Rb1+ {[#]} 29. Rd1 ({Lieber} 29. Kh2 $1 $16) 29... Rxd1+ $11 30. Qxd1 {[%mdl 4096] Endspiel KDT-KDT} Re6 31. Qd4 Kf7 32. Kf1 (32. Qa7 {feels hotter.} Re7 33. Kf1 Kg7 34. Qd4 g5 35. Qc4) 32... Qc5 33. Qxc5 dxc5 {KT-KT} 34. Ke2 c4 35. e5 Rxc6 36. f4 gxf3+ 37. Kxf3 Ke6 38. Ke4 Rc5 39. Kd4 Rd5+ 40. Kxc4 Rd2 41. Kb5 Rxg2 42. Kxa5 Rb2 43. Ka6 g5 44. a5 c5 45. Ka7 Rb3 46. a6 c4 47. Ka8 Ra3 (47... Rb6 $11 48. a7 Rb3) 48. Kb7 $16 Rb3+ 49. Kc6 Ra3 $2 {[#]} (49... h4 50. gxh4 gxh4) 50. Kb5 $1 $18 Ra1 51. Re4 Kd5 52. Rd4+ Kxe5 53. Rxc4 Kd5 54. Rd4+ Ke5 55. Ra4 {Precision: Weiß = 49%, Schwarz = 30%.} 1-0

[Event "Tata Steel India 2018-Blitz"]
[Site "Kolkata"]
[Date "2018.11.14"]
[Round "18.2"]
[White "Nakamura, Hikaru"]
[Black "Anand, Viswanathan"]
[Result "1/2-1/2"]
[WhiteElo "2746"]
[BlackElo "2773"]
[Annotator "TA"]
[PlyCount "144"]
[EventDate "2018.11.09"]
[EventType "tourn"]
[EventCountry "IND"]
[SourceTitle "playchess.com"]
[Source "ChessBase"]
[SourceQuality "1"]

{[%evp 20,144,27,20,21,0,11,0,0,-16,-15,-14,0,-68,-7,-19,9,10,17,25,15,27,64,44,38,38,45,45,41,36,37,45,66,62,63,66,65,64,74,60,56,38,42,20,48,18,31,22,45,12,12,14,45,16,23,16,81,0,73,79,73,26,34,0,17,4,4,4,20,0,8,0,18,0,28,27,48,0,0,0,0,0,0,0,0,0,2,-46,0,0,0,0,8,8,8,8,8,8,8,8,12,1,1,0,8,-20,-20,-16,8,-16,-16,-16,0,-16,0,0,0,0,8,8,8,8,8,8,8,8,8]} 1. Nf3 {Ribli,Z} d5 2. b3 Nf6 3. e3 c5 4. Bb2 e6 5. c4 Nc6 6. cxd5 exd5 7. Be2 Bd6 8. O-O O-O 9. d4 cxd4 10. Nxd4 Re8 {A13: English Opening: 1...e6} 11. Nd2 {[%cal Bb1d2,Bd2f3,Bf3d4][%mdl 32] LiveBook: 13 Games} Bd7 12. Nxc6 $146 ({Predecessor:} 12. N2f3 a6 13. Rc1 Qe7 14. Qc2 {½-½ (37) Markowski,T (2530)-Sosonko,G (2525) Polanica Zdroj 1995 CBM 049 [Ribli,Z]}) 12... bxc6 13. Rc1 a5 14. Nf3 Ne4 15. Nd4 Qh4 {[%csl Gd6][%cal Rh4h2]} 16. f4 ({White should try} 16. g3 $11 Qf6 17. Bg4 Bxg4 18. Qxg4) 16... Qf6 ({Better is} 16... Bc5 $15) 17. Rc2 c5 18. Nb5 Qe6 19. Nxd6 Qxd6 20. Bf3 f6 21. Qc1 a4 22. Bxe4 Rxe4 23. Rxc5 axb3 24. axb3 Qb6 25. Rxd5 Be6 26. Bd4 Qxb3 27. Rc5 Bf7 28. h3 Ree8 29. Rf3 Qe6 30. f5 Qd6 $1 31. Rf4 Bd5 32. Rc7 Re7 33. Rc2 Re4 34. Rff2 Ree8 35. Rc7 Re7 36. Rc3 {Threatens to win with Bc5.} Ree8 37. Rc5 Rab8 {[#]} (37... h6 $11) 38. Rf4 (38. Rd2 $1 $16 {And now Bb2 would win.} Rb3 {[#]} 39. Bxf6 $1 {[%mdl 512]}) 38... Be4 (38... Ra8 $11 {keeps the balance.}) 39. Qc4+ $16 Kh8 40. Kh2 Bb7 41. Qc3 Rbc8 42. Rxc8 Rxc8 43. Qb2 Ba8 44. Kg1 Qc6 45. Kh2 Qc2 46. Rf2 Qxb2 (46... Qc7+ {with more complications.} 47. Kg1 Be4 48. Qb6 Qg3 49. Bb2 Re8) 47. Rxb2 $11 {[%mdl 4096] Endgame KRB-KRB} Be4 48. Rb5 h5 49. g4 h4 {( -> ...Rc1)} 50. Kg1 Rc1+ 51. Kf2 Rc2+ 52. Ke1 Rh2 53. Rb8+ Kh7 54. Re8 {The position is equal.} Bd3 55. Re7 {Black must now prevent Bxf6.} Kg8 56. g5 Bxf5 57. e4 Bg6 58. gxf6 gxf6 59. Bxf6 {aiming for Rg7+.} Bf7 60. Rc7 Rxh3 61. Kf2 Rb3 62. e5 h3 63. Rd7 h2 64. Kg2 Rb2+ 65. Kh1 Be6 66. Rd4 Kf7 {...Bc8 is the strong threat.} 67. Bg5 Re2 68. Bf4 Re4 69. Rxe4 Bd5 70. e6+ Ke8 71. Kxh2 Bxe4 72. e7 Kxe7 {Precision: White = 47%, Black = 45%.} 1/2-1/2